[Event "Titled Tuesday intern op 11th Mar Early"]
[Site "Chess.com INT"]
[Date "2025.03.11"]
[Round "5"]
[White "Matyukov, Petr"]
[Black "Alazmi, Amani"]
[Result "1-0"]
[WhiteElo "2315"]
[BlackElo "1740"]
[PlyCount "47"]
[EventDate "2025.03.11"]
[EventType "swiss (blitz)"]
[EventRounds "11"]
[EventCountry "USA"]
[SourceTitle "CB12_2025"]
[SourceDate "2025.03.19"]
[SourceVersion "1"]
[SourceVersionDate "2025.03.19"]
[SourceQuality "1"]

1. e4 c6 2. d4 d5 3. e5 c5 4. dxc5 e6 5. Bd3 Bxc5 6. Qg4 Bf8 7. Nf3 g6 8. h4 h5 9. Qg3 Ne7 10. Nc3 Nf5 11. Bxf5 exf5 12. Bg5 Qb6 13. 0-0-0 Be6 14. Nxd5 Qa5 15. Nf6+ Ke7 16. Nxh5+ f6 17. Bxf6+ Kf7 18. Bxh8 Nc6 19. Ng5+ Ke8 20. Nf6+ Ke7 21. Nxe6 Qxa2 22. Nd5+ Kxe6 23. Qxg6+ Kd7 24. Nc3+ 1-0

[Event "Titled Tuesday intern op 04th Feb Early"]
[Site "Chess.com INT"]
[Date "2025.02.04"]
[Round "5"]
[White "Matyukov, Petr"]
[Black "Araujo Filho, Luiz Antonio"]
[Result "0-1"]
[WhiteElo "2315"]
[BlackElo "2077"]
[PlyCount "72"]
[EventDate "2025.02.04"]
[EventType "swiss (blitz)"]
[EventRounds "11"]
[EventCountry "USA"]
[SourceTitle "CB07_2025"]
[SourceDate "2025.02.12"]
[SourceVersion "1"]
[SourceVersionDate "2025.02.12"]
[SourceQuality "1"]

1. e4 c6 2. d4 d5 3. e5 Bf5 4. h4 h5 5. Bd3 Bxd3 6. Qxd3 e6 7. Nf3 Nd7 8. Bg5 Qc7 9. 0-0 Ne7 10. Nbd2 Nf5 11. c4 Qb6 12. b3 Be7 13. Bxe7 Nxe7 14. Rfd1 Nf5 15. Nf1 0-0 16. Ng3 g6 17. Nxf5 exf5 18. Qe3 Rfe8 19. Qh6 Nf8 20. Ng5 Rad8 21. c5 Qa5 22. Rd3 b6 23. cxb6 axb6 24. Rc1 c5 25. Nf3 Ne6 26. dxc5 bxc5 27. a4 Qb4 28. Qd2 Qxd2 29. Rxd2 d4 30. Rc4 Ra8 31. Ne1 Reb8 32. Rd3 Ra5 33. g3 f4 34. Kg2 fxg3 35. fxg3 Nc7 36. Nf3 Nd5 0-1

[Event "Titled Tuesday intern op 04th Feb Early"]
[Site "Chess.com INT"]
[Date "2025.02.04"]
[Round "1"]
[White "Matyukov, Petr"]
[Black "Derlich, Sarah Sima"]
[Result "1-0"]
[WhiteElo "2315"]
[BlackElo "1920"]
[PlyCount "27"]
[EventDate "2025.02.04"]
[EventType "swiss (blitz)"]
[EventRounds "11"]
[EventCountry "USA"]
[SourceTitle "CB07_2025"]
[SourceDate "2025.02.12"]
[SourceVersion "1"]
[SourceVersionDate "2025.02.12"]
[SourceQuality "1"]

1. e4 c5 2. Nf3 d6 3. d4 cxd4 4. Nxd4 Nf6 5. Nc3 a6 6. Bg5 Nbd7 7. Bc4 e6 8. Qe2 b5 9. Bd5 exd5 10. exd5+ Qe7 11. Be3 g6 12. Nc6 Nxd5 13. Nxd5 Qe4 14. Nc7# 1-0

[Event "Titled Tuesday intern op 28th Jan Early"]
[Site "Chess.com INT"]
[Date "2025.01.28"]
[Round "3"]
[White "Matyukov, Petr"]
[Black "Khachatryan, Anna"]
[Result "1-0"]
[WhiteElo "2315"]
[BlackElo "2076"]
[PlyCount "45"]
[EventDate "2025.01.28"]
[EventType "swiss (blitz)"]
[EventRounds "11"]
[EventCountry "USA"]
[SourceTitle "CB06_2025"]
[SourceDate "2025.02.05"]
[SourceVersion "1"]
[SourceVersionDate "2025.02.05"]
[SourceQuality "1"]

1. e4 c5 2. Nf3 Nc6 3. Bb5 g6 4. Bxc6 dxc6 5. d3 Bg7 6. 0-0 Nf6 7. h3 Nd7 8. Re1 e5 9. a3 a5 10. Nbd2 0-0 11. b3 b6 12. Bb2 Ba6 13. b4 axb4 14. axb4 cxb4 15. Nb3 c5 16. Qe2 Qe7 17. c3 bxc3 18. Bxc3 Rfd8 19. Red1 Nf8 20. Rab1 f6 21. Nc1 Rab8 22. Qa2+ Qf7 23. Qxa6 1-0

[Event "Titled Tuesday intern op 07th Jan Early"]
[Site "Chess.com INT"]
[Date "2025.01.07"]
[Round "6"]
[White "Matyukov, Petr"]
[Black "Rivas Garcia, Victor"]
[Result "1/2-1/2"]
[WhiteElo "2315"]
[BlackElo "2103"]
[PlyCount "83"]
[EventDate "2025.01.07"]
[EventType "swiss (blitz)"]
[EventRounds "11"]
[EventCountry "USA"]
[SourceTitle "CB03_2025"]
[SourceDate "2025.01.15"]
[SourceVersion "1"]
[SourceVersionDate "2025.01.15"]
[SourceQuality "1"]

1. e4 c5 2. Nf3 e6 3. d4 cxd4 4. Nxd4 Nf6 5. Nc3 Nc6 6. Nxc6 bxc6 7. e5 Nd5 8. Ne4 Qc7 9. f4 Qb6 10. a3 Ba6 11. Qf3 Bxf1 12. Rxf1 Be7 13. c4 Nc7 14. b4 0-0 15. Be3 Qa6 16. Nc5 Qxc4 17. Nxd7 Rfd8 18. Nc5 Nd5 19. Kf2 Nxe3 20. Qxe3 Bxc5 21. Qxc5 Qxc5+ 22. bxc5 Rd2+ 23. Kg1 Rc2 24. Rac1 Rxc1 25. Rxc1 Kf8 26. Rd1 Ke7 27. Rd6 Rc8 28. Kf2 f5 29. Ke3 Rc7 30. Kd4 Rc8 31. Kc4 Rc7 32. Kb4 Rb7+ 33. Ka5 Rb5+ 34. Ka6 Rxc5 35. Kxa7 Ra5+ 36. Kb6 Rxa3 37. Rxc6 Ra2 38. Rc7+ Kf8 39. Rc8+ Ke7 40. Rc7+ Kf8 41. Rc8+ Ke7 42. Rc7+ 1/2-1/2

[Event "Titled Tuesday intern op 24th Sep Early"]
[Site "Chess.com INT"]
[Date "2024.09.24"]
[Round "9"]
[White "Bogaudinov, Rushan"]
[Black "Matyukov, Petr"]
[Result "1-0"]
[WhiteElo "1912"]
[BlackElo "2315"]
[PlyCount "95"]
[EventDate "2024.09.24"]
[EventType "swiss (blitz)"]
[EventRounds "11"]
[EventCountry "USA"]
[SourceTitle "EXT 2025"]
[Source "ChessBase"]
[SourceDate "2024.10.14"]
[SourceVersion "1"]
[SourceVersionDate "2024.10.14"]
[SourceQuality "1"]

1. d4 Nf6 2. Nf3 g6 3. e3 Bg7 4. Be2 0-0 5. 0-0 d6 6. b3 Nbd7 7. Bb2 Re8 8. c4 c6 9. Nc3 Qc7 10. e4 e5 11. d5 b6 12. dxc6 Qxc6 13. Bd3 Bb7 14. Re1 Nc5 15. Bc2 Rad8 16. h3 a6 17. a4 Qc8 18. Qd2 Ne6 19. Rad1 Qa8 20. Nd5 Nxd5 21. exd5 Nc5 22. b4 Nd7 23. b5 a5 24. Ng5 h6 25. Ne4 Qb8 26. Ba3 Nc5 27. Nxc5 dxc5 28. Bb2 Qd6 29. Bc3 Re7 30. Qc1 Rde8 31. Re2 f5 32. Rde1 Bc8 33. h4 e4 34. Bxg7 Kxg7 35. Qb2+ Kf7 36. Qc3 Qf4 37. g3 Qd6 38. Kg2 Bd7 39. Re3 h5 40. f3 exf3+ 41. Kxf3 f4 42. gxf4 Bg4+ 43. Kg3 Rxe3+ 44. Rxe3 Rxe3+ 45. Qxe3 Qf6 46. Qe5 Qd8 47. Be4 Qd7 48. d6 1-0

[Event "Titled Tuesday intern op 24th Sep Early"]
[Site "Chess.com INT"]
[Date "2024.09.24"]
[Round "6"]
[White "Vlassov, Nikolai"]
[Black "Matyukov, Petr"]
[Result "1-0"]
[WhiteElo "2291"]
[BlackElo "2315"]
[PlyCount "59"]
[EventDate "2024.09.24"]
[EventType "swiss (blitz)"]
[EventRounds "11"]
[EventCountry "USA"]
[SourceTitle "EXT 2025"]
[Source "ChessBase"]
[SourceDate "2024.10.14"]
[SourceVersion "1"]
[SourceVersionDate "2024.10.14"]
[SourceQuality "1"]

1. e4 c5 2. c3 d5 3. exd5 Nf6 4. d4 Nxd5 5. dxc5 e6 6. b4 a5 7. Bd2 axb4 8. Bb5+ Nc6 9. Bxc6+ bxc6 10. c4 Qf6 11. cxd5 Qxa1 12. d6 Rxa2 13. Ne2 Qb2 14. 0-0 g6 15. Nf4 Bg7 16. Nd3 Qc2 17. Nxb4 Qxd1 18. Rxd1 Ra4 19. Nxc6 Rc4 20. Be3 Bd7 21. Nb8 Ba4 22. Rc1 Rxc1+ 23. Bxc1 Bd4 24. c6 Ba7 25. d7+ Ke7 26. Ba3+ Kf6 27. c7 Bxd7 28. Nxd7+ Kf5 29. Nc3 Rc8 30. Nb5 1-0

[Event "Titled Tuesday intern op 17th Sep Early"]
[Site "Chess,com INT"]
[Date "2024.09.17"]
[Round "6"]
[White "Matyukov, Petr"]
[Black "Wu, Derek"]
[Result "0-1"]
[WhiteElo "2315"]
[BlackElo "2232"]
[PlyCount "70"]
[EventDate "2024.09.17"]
[EventType "swiss (blitz)"]
[EventRounds "11"]
[EventCountry "USA"]
[SourceTitle "EXT 2025"]
[Source "ChessBase"]
[SourceDate "2024.10.14"]
[SourceVersion "1"]
[SourceVersionDate "2024.10.14"]
[SourceQuality "1"]

1. e4 c5 2. Nf3 Nc6 3. Bb5 e5 4. d3 Bd6 5. 0-0 Nge7 6. Bc4 0-0 7. Nc3 Na5 8. Bd5 Rb8 9. Bg5 h6 10. Bh4 b5 11. Qd2 Qe8 12. Bb3 Ng6 13. Bg3 Bc7 14. Nd5 Bd8 15. c3 c4 16. dxc4 Nxc4 17. Qe2 Nb6 18. Rfd1 Bb7 19. Qxb5 Nxd5 20. Bxd5 Bb6 21. Bxb7 Rxb7 22. Qd5 Rc7 23. Nxe5 Rc5 24. Qxd7 Nxe5 25. Qd2 Nc4 26. Qe2 Qe6 27. b4 Rcc8 28. Rd5 Rfe8 29. Re1 Red8 30. Rxd8+ Bxd8 31. Qd3 Bb6 32. Rd1 Nb2 33. Qd7 Nxd1 34. Qxd1 Qxa2 35. Qe2 Qxe2 0-1

[Event "Titled Tuesday intern op 10th Sep Early"]
[Site "Chess,com INT"]
[Date "2024.09.10"]
[Round "10"]
[White "Asish, Panda"]
[Black "Matyukov, Petr"]
[Result "1/2-1/2"]
[WhiteElo "1903"]
[BlackElo "2315"]
[PlyCount "92"]
[EventDate "2024.09.10"]
[EventType "swiss (blitz)"]
[EventRounds "11"]
[EventCountry "USA"]
[SourceTitle "EXT 2025"]
[Source "ChessBase"]
[SourceDate "2024.10.14"]
[SourceVersion "1"]
[SourceVersionDate "2024.10.14"]
[SourceQuality "1"]

1. e4 c5 2. Nf3 d6 3. d4 cxd4 4. Qxd4 Nf6 5. e5 Nc6 6. Bb5 Qa5+ 7. Nc3 Qxb5 8. Nxb5 Nxd4 9. Nbxd4 dxe5 10. Nxe5 a6 11. Be3 e6 12. 0-0-0 Bd6 13. Nc4 Bc7 14. Nb3 b6 15. Bxb6 Bxb6 16. Nxb6 Rb8 17. Nxc8 Rxc8 18. Rd6 Ra8 19. Rhd1 Ke7 20. Na5 Nd5 21. Rc6 Rhb8 22. c4 Nf4 23. Rc7+ Kf6 24. Rdd7 Rf8 25. g3 Ng6 26. Nc6 Ne5 27. Nxe5 Kxe5 28. Rxf7 Rfd8 29. f4+ Ke4 30. Rc6 Rd4 31. Rxe6+ Kd3 32. b3 Rad8 33. Rfe7 Kc3 34. Re3+ Kb4 35. Re2 Rd1+ 36. Kc2 Ra1 37. Rb7+ Ka3 38. Kc3 Rc1+ 39. Rc2 Re1 40. Rd2 Rc1+ 41. Rc2 Re1 42. c5 Re3+ 43. Kc4 Re4+ 44. Kc3 Re3+ 45. Kc4 Re4+ 46. Kc3 Re3+ 1/2-1/2

[Event "Titled Tuesday intern op 10th Sep Early"]
[Site "Chess,com INT"]
[Date "2024.09.10"]
[Round "9"]
[White "Matyukov, Petr"]
[Black "Sai Agni, Jeevitesh J"]
[Result "1-0"]
[WhiteElo "2315"]
[BlackElo "2297"]
[PlyCount "59"]
[EventDate "2024.09.10"]
[EventType "swiss (blitz)"]
[EventRounds "11"]
[EventCountry "USA"]
[SourceTitle "EXT 2025"]
[Source "ChessBase"]
[SourceDate "2024.10.14"]
[SourceVersion "1"]
[SourceVersionDate "2024.10.14"]
[SourceQuality "1"]

1. d4 e6 2. c4 f5 3. Nc3 Nf6 4. Nf3 Bb4 5. Qc2 b6 6. g3 Bb7 7. Bg2 0-0 8. 0-0 Bxc3 9. Qxc3 Ne4 10. Qc2 Nc6 11. a3 a5 12. Rd1 Qe8 13. d5 Nb8 14. Bf4 Na6 15. Nd4 e5 16. Nxf5 Nxf2 17. Rf1 exf4 18. Rxf2 fxg3 19. hxg3 Qe5 20. Raf1 Rf6 21. Rf3 Rxf5 22. Rxf5 Qxg3 23. Rf7 Nc5 24. Qf5 h6 25. b4 axb4 26. axb4 Nb3 27. Rf8+ Rxf8 28. Qxf8+ Kh7 29. Qf5+ Qg6 30. Qxd7 1-0

[Event "Titled Tuesday intern op 20th Aug Early"]
[Site "Chess.com INT"]
[Date "2024.08.20"]
[Round "4"]
[White "Baladjaev, Gara"]
[Black "Matyukov, Petr"]
[Result "1/2-1/2"]
[WhiteElo "2404"]
[BlackElo "2315"]
[PlyCount "103"]
[EventDate "2024.08.20"]
[EventType "swiss (blitz)"]
[EventRounds "11"]
[EventCountry "USA"]
[SourceTitle "EXT 2025"]
[Source "ChessBase"]
[SourceDate "2024.10.14"]
[SourceVersion "1"]
[SourceVersionDate "2024.10.14"]
[SourceQuality "1"]

1. d4 Nf6 2. c4 g6 3. g3 Bg7 4. Bg2 0-0 5. Nf3 d6 6. 0-0 Nc6 7. Nc3 e5 8. d5 Nb8 9. e4 a5 10. Ne1 Na6 11. Nd3 Nd7 12. a3 Nac5 13. Be3 f5 14. Nxc5 Nxc5 15. b4 axb4 16. axb4 Rxa1 17. Qxa1 Nb3 18. Qd1 Nd4 19. f4 c5 20. bxc5 dxc5 21. fxe5 Bxe5 22. Bf4 Bxf4 23. Rxf4 fxe4 24. Rxf8+ Qxf8 25. Nxe4 Bf5 26. Qf1 b6 27. h3 Bxe4 28. Qxf8+ Kxf8 29. Bxe4 Ke7 30. Kf2 Kd6 31. Ke3 Ke5 32. g4 b5 33. cxb5 Nxb5 34. h4 Nc3 35. Bf3 Nxd5+ 36. Kd3 Nc7 37. Kc4 Ne6 38. Bd5 Nf4 39. Bg8 h6 40. g5 h5 41. Bf7 Kd6 42. Be8 Ke7 43. Bc6 Kd6 44. Be4 Ke5 45. Bf3 Kd6 46. Be4 Ke5 47. Bf3 Ne6 48. Bd5 Nf4 49. Bf7 Kd6 50. Be8 Ke7 51. Bc6 Kd6 52. Be4 1/2-1/2

[Event "Titled Tuesday intern op 20th Aug Early"]
[Site "Chess.com INT"]
[Date "2024.08.20"]
[Round "3"]
[White "Matyukov, Petr"]
[Black "Gulamirian, Korun"]
[Result "0-1"]
[WhiteElo "2315"]
[BlackElo "1890"]
[PlyCount "128"]
[EventDate "2024.08.20"]
[EventType "swiss (blitz)"]
[EventRounds "11"]
[EventCountry "USA"]
[SourceTitle "EXT 2025"]
[Source "ChessBase"]
[SourceDate "2024.10.14"]
[SourceVersion "1"]
[SourceVersionDate "2024.10.14"]
[SourceQuality "1"]

1. e4 c5 2. Nf3 e6 3. d4 cxd4 4. Nxd4 Nf6 5. Nc3 Nc6 6. Nxc6 bxc6 7. e5 Nd5 8. Ne4 Qc7 9. f4 Qb6 10. a3 f5 11. exf6 Nxf6 12. Nxf6+ gxf6 13. Qh5+ Kd8 14. Bd3 Ba6 15. Bd2 Bxd3 16. Ba5 Bg6 17. Bxb6+ axb6 18. Qh4 Be7 19. 0-0-0 Ra5 20. g4 Rc5 21. c3 h5 22. Rhe1 Kc7 23. Rd2 Rh7 24. Red1 Bd8 25. f5 exf5 26. gxf5 Bxf5 27. Qg3+ Kc8 28. b4 Re5 29. Rd6 Bg4 30. Re1 Bc7 31. Rxf6 Rf5 32. Rxf5 Bxg3 33. Rf8+ Kc7 34. hxg3 Be6 35. Rf4 Rg7 36. Re3 b5 37. Rh4 Rg5 38. Kd2 Kd6 39. Ke2 Bg4+ 40. Kf2 Rd5 41. Re4 Rd2+ 42. Ke3 Rg2 43. Kf4 Rc2 44. Rd4+ Ke6 45. Rd3 Rf2+ 46. Ke3 Rf3+ 47. Kd2 Rf2+ 48. Ke1 Re2+ 49. Kf1 Ra2 50. Re3+ Kf6 51. Rd3 Be2+ 52. Ke1 Bxd3 53. Rf4+ Ke6 54. Rf3 Be4 55. Re3 d5 56. c4 bxc4 57. g4 hxg4 58. Rg3 Bf3 59. Kf1 Ke5 60. Ke1 Kf4 61. Kf1 Kxg3 62. Ke1 Kf4 63. a4 Ke3 64. Kf1 Ra1# 0-1

[Event "Titled Tuesday intern op 08th Aug Early"]
[Site "Chess.com INT"]
[Date "2023.08.08"]
[Round "1"]
[White "Matyukov, Petr"]
[Black "Sarkar, Justin"]
[Result "1-0"]
[WhiteElo "2315"]
[BlackElo "2288"]
[PlyCount "43"]
[EventDate "2023.08.08"]
[EventType "swiss (blitz)"]
[EventRounds "11"]
[EventCountry "USA"]
[SourceTitle "EXT 2024"]
[Source "ChessBase"]
[SourceDate "2023.10.10"]
[SourceVersion "1"]
[SourceVersionDate "2023.10.10"]
[SourceQuality "1"]

1. d4 Nf6 2. c4 e6 3. Nc3 Bb4 4. e3 0-0 5. Nge2 Re8 6. a3 Bf8 7. Ng3 d5 8. cxd5 exd5 9. Bd3 c6 10. 0-0 Bd6 11. Re1 Bg4 12. f3 Bh5 13. Nxh5 Nxh5 14. e4 dxe4 15. fxe4 Nf4 16. Bc2 Bc7 17. Be3 Nd7 18. Qf3 Ng6 19. Rad1 Qh4 20. e5 Ndxe5 21. dxe5 Nxe5 22. Qf2 1-0

[Event "Titled Tuesday intern op 01st Aug Early"]
[Site "Chess.com INT"]
[Date "2023.08.01"]
[Round "2"]
[White "Matyukov, Petr"]
[Black "Luxama, Jacques Muller"]
[Result "1-0"]
[WhiteElo "2315"]
[BlackElo "1933"]
[PlyCount "41"]
[EventDate "2023.08.01"]
[EventType "swiss (blitz)"]
[EventRounds "11"]
[EventCountry "USA"]
[SourceTitle "EXT 2024"]
[Source "ChessBase"]
[SourceDate "2023.10.10"]
[SourceVersion "1"]
[SourceVersionDate "2023.10.10"]
[SourceQuality "1"]

1. d4 Nf6 2. c4 e6 3. Nc3 d5 4. cxd5 exd5 5. Bg5 c6 6. Qc2 Be7 7. e3 0-0 8. Bd3 Nbd7 9. Nge2 Re8 10. 0-0 Nf8 11. f3 Nh5 12. Bxe7 Rxe7 13. e4 dxe4 14. fxe4 Ne6 15. d5 Nc5 16. dxc6 Nxd3 17. Rad1 Qb6+ 18. Kh1 Nf2+ 19. Rxf2 Qxf2 20. Rd8+ Re8 21. Rxe8# 1-0

[Event "Titled Tuesday intern op 01st Aug Early"]
[Site "Chess.com INT"]
[Date "2023.08.01"]
[Round "5"]
[White "Matyukov, Petr"]
[Black "Monpeurt, Cyrielle"]
[Result "1-0"]
[WhiteElo "2315"]
[BlackElo "2129"]
[PlyCount "109"]
[EventDate "2023.08.01"]
[EventType "swiss (blitz)"]
[EventRounds "11"]
[EventCountry "USA"]
[SourceTitle "EXT 2024"]
[Source "ChessBase"]
[SourceDate "2023.10.10"]
[SourceVersion "1"]
[SourceVersionDate "2023.10.10"]
[SourceQuality "1"]

1. d4 Nf6 2. c4 c5 3. d5 e6 4. Nc3 exd5 5. cxd5 d6 6. Nf3 g6 7. h3 Bg7 8. Bf4 a6 9. a4 Qe7 10. e3 Nbd7 11. Bd3 0-0 12. 0-0 Rb8 13. Re1 Ne8 14. Qc2 Ne5 15. Bxe5 Bxe5 16. Ne4 f5 17. Ned2 g5 18. Nc4 Bg7 19. e4 f4 20. e5 dxe5 21. Bxh7+ Kh8 22. Ncxe5 Bxe5 23. Nxe5 Qxh7 24. Ng6+ Kg7 25. Re7+ Rf7 26. Rxe8 Bf5 27. Qc3+ Kxg6 28. Rxb8 Rd7 29. Qxc5 Qf7 30. Rd1 Be4 31. d6 Bc6 32. Rc8 Qe6 33. Rc7 Qe4 34. f3 Qe2 35. Rf1 Qxb2 36. Rxd7 Bxd7 37. Qc7 Qd4+ 38. Kh1 Qg7 39. Qc2+ Kf6 40. Qc3+ Kf7 41. Qxg7+ Kxg7 42. Re1 Kf6 43. Re7 Bc6 44. Rc7 Ke6 45. Rg7 Bxa4 46. Rg6+ Kd7 47. Rxg5 Kxd6 48. Rg6+ Kd7 49. h4 b5 50. h5 b4 51. h6 Bc2 52. Rg7+ Ke6 53. h7 Bxh7 54. Rxh7 b3 55. Rb7 1-0

[Event "Titled Tuesday intern op 18th Jul Early"]
[Site "Chess.com INT"]
[Date "2023.07.18"]
[Round "2"]
[White "Matyukov, Petr"]
[Black "Novikova, Margarita"]
[Result "1-0"]
[WhiteElo "2315"]
[BlackElo "1995"]
[PlyCount "77"]
[EventDate "2023.07.18"]
[EventType "swiss (blitz)"]
[EventRounds "11"]
[EventCountry "USA"]
[SourceTitle "EXT 2024"]
[Source "ChessBase"]
[SourceDate "2023.10.10"]
[SourceVersion "1"]
[SourceVersionDate "2023.10.10"]
[SourceQuality "1"]

1. d4 e6 2. c4 Nf6 3. Nc3 Bb4 4. e3 c5 5. Nge2 d5 6. a3 cxd4 7. axb4 dxc3 8. Nxc3 0-0 9. cxd5 Nxd5 10. Nxd5 exd5 11. Bd3 Qe7 12. b5 d4 13. 0-0 dxe3 14. Bxe3 Rd8 15. Qc2 h6 16. Rxa7 Rxa7 17. Bxa7 Be6 18. Bb6 Rc8 19. Qe2 Nd7 20. Be3 Nc5 21. Bc4 Nb3 22. Bxe6 Qxe6 23. Qf3 Qd7 24. b6 Rc6 25. h3 Nd2 26. Qe2 Nxf1 27. Kxf1 Rd6 28. Kg1 Rd1+ 29. Kh2 Rd6 30. Qc4 Rc6 31. Qe4 Qe6 32. Qa4 Qe5+ 33. g3 Qe8 34. b4 Qc8 35. b5 Re6 36. Qd4 h5 37. Qc5 g6 38. Qxc8+ Kg7 39. Qxb7 1-0

[Event "Titled Tuesday intern op 18th Jul Early"]
[Site "Chess.com INT"]
[Date "2023.07.18"]
[Round "7"]
[White "Schut, Han"]
[Black "Matyukov, Petr"]
[Result "0-1"]
[WhiteElo "2092"]
[BlackElo "2315"]
[PlyCount "92"]
[EventDate "2023.07.18"]
[EventType "swiss (blitz)"]
[EventRounds "11"]
[EventCountry "USA"]
[SourceTitle "EXT 2024"]
[Source "ChessBase"]
[SourceDate "2023.10.10"]
[SourceVersion "1"]
[SourceVersionDate "2023.10.10"]
[SourceQuality "1"]

1. e4 c6 2. d4 d5 3. exd5 cxd5 4. c4 Nf6 5. Nc3 g6 6. cxd5 Bg7 7. Bb5+ Nbd7 8. d6 exd6 9. Qe2+ Kf8 10. Bf4 Nb6 11. a4 a6 12. Bd3 Nbd5 13. Bg3 Bg4 14. f3 Be6 15. Qd2 Rc8 16. Nge2 Nh5 17. 0-0 Nxg3 18. hxg3 Qb6 19. Be4 Nf6 20. a5 Nxe4 21. Nxe4 Qd8 22. Rfc1 h6 23. Rxc8 Bxc8 24. Qb4 Kg8 25. Qxd6 Kh7 26. Qxd8 Rxd8 27. Rd1 Be6 28. b4 Bc4 29. N4c3 Bf8 30. Rb1 Bd3 31. Rb2 Bg7 32. Kf2 Rxd4 33. Ke3 Rd8 34. Rb3 Bc4 35. Rb1 Rd3+ 36. Kf2 Bxc3 37. Rc1 Rd2 38. Rxc3 Bxe2 39. Ke3 Ra2 40. Rc7 Bb5 41. Rxf7+ Kg8 42. Rc7 Ra3+ 43. Kf4 Rb3 44. Ke5 Rxb4 45. Kf6 Be8 46. Rxb7 Rxb7 0-1